| 000 | 00536nam a2200169 i 4500 | ||
|---|---|---|---|
| 001 | bg | ||
| 245 | 0 |
_aBudownictwo / _c[red. Tadeusz Ciężak]. |
|
| 260 |
_aLublin, _c1983. |
||
| 490 | 1 | _aPrace Instytutu Inżynierii Budowlanej i Sanitarnej / Politechnika Lubelska. Seria B | |
| 700 | 1 |
_aCiężak, Tadeusz. _eRed. |
|
| 830 | 0 |
_aPrace Instytutu Inżynierii Budowlanej i Sanitarnej (Politechnika Lubelska). _pSeria B |
|
| 040 | _cBPK | ||
| 041 | _apol | ||
| 080 | _a69+625 | ||
| 942 | _cKS | ||
| 008 | s pl f |000 0 pol | ||
| 999 |
_c28017 _d28017 |
||
| 856 |
_uhttp://koha.tu.koszalin.pl/cgi-bin/koha/opac-detail.pl?biblionumber=28017 _yKatalog online BPK |
||